Statistics for 2017/18 Miami Heat Roster

Click here to take the quiz!

General Stats

  • This quiz has been taken 3 times
  • The average score is 8 of 15

Answer Stats

PositionPlayer% Correct
CHassan Whiteside
100%
CUdonis Haslem
100%
CBam Adebayo
67%
GDion Waiters
67%
GGoran Dragic
67%
FJames Johnson
67%
GJosh Richardson
67%
FJustice Winslow
67%
FOkaro White
67%
GTyler Johnson
67%
CKelly Olynyk
33%
GRodney McGruder
33%
GWayne Ellington
33%
CA.J Hammons
0%
FLuke Babbit
0%

Score Distribution

Percentile by Number Answered

Percent of People with Each Score

Your Score History

You have not taken this quiz